• 首页
  • 本馆介绍
  • 公告通知
  • 最新文献
  • 馆藏检索
  • 电子资源
  • 读者导购
  • 参考咨询
  • 我的图书馆
  • 登录
  • 详细信息显示
  • 放入我的书架
  • 预约/预借图书
  • 作者相关作品
  • 分类相关作品
  • 丛书相关作品
  • 出版社相关作品

书目信息

  • 表格格式
  • 工作单格式
  • 卡片格式
题名:
眼科临床护理
    
 
作者: 丁淑贞 , 刘莹 主编
分册:  
出版信息: 北京   中国协和医科大学出版社  2016
页数: 429页
开本: 24cm
丛书名:
单 册:
中图分类: R473.77
科图分类:
主题词: 眼科学--护理学
电子资源:
ISBN: 978-7-5679-0426-2
000 00845nam0 2200253 450
001 0103955585
005 20170110114934.0
010    @a978-7-5679-0426-2@dCNY60.00
100    @a20160907d2016 em y0chiy0120 ea
101 0  @achi
102    @aCN@b110000
105    @ay z 000yy
106    @ar
200 1  @a眼科临床护理@9Yan Ke Lin Chuang Hu Li @f丁淑贞,刘莹主编@b专著
210    @a北京@c中国协和医科大学出版社@d2016
215    @a429页@d24cm
300    @a临床护理一本通
330    @a本书基本包括了眼科专业的常见疾病和多发疾病,具体讲述相关疾病概述、临床表现、辅助检查、治疗原则、护理评估、护理诊断、护理措施及健康教育等内容。
606 0  @a眼科学@x护理学
690    @aR473.77@v5
701  0 @a丁淑贞@9ding shu zhen@f(1951~)@4主编
701  0 @a刘莹@4主编@9liu ying
801  0 @aCN@bAZmarc@c20230903
905    @aBZT@dR473@e41@f4@sR473/41
    
    眼科临床护理/丁淑贞,刘莹主编.-北京:中国协和医科大学出版社,2016
    429页;24cm
    临床护理一本通
    
    ISBN 978-7-5679-0426-2:CNY60.00
    本书基本包括了眼科专业的常见疾病和多发疾病,具体讲述相关疾病概述、临床表现、辅助检查、治疗原则、护理评估、护理诊断、护理措施及健康教育等内容。
●
相关链接 在五车中查询图书 在当当中查询图书 在豆瓣中查询图书


正题名:眼科临床护理     索取号:R473/41         预约/预借

序号 登录号 条形码 馆藏地/架位号 状态 备注
1 2000001906   2000001906   旧书回溯/ [索取号:R473/41] 在馆    
2 2000001907   2000001907   旧书回溯/ [索取号:R473/41] 在馆    
3 2000001908   2000001908   旧书回溯/ [索取号:R473/41] 在馆    
4 2000001909   2000001909   旧书回溯/ [索取号:R473/41] 在馆    
山东省滨州职业学院图书馆 欢迎您!
大连网信软件有限公司© 版权所有